Estudios ijiéniqos del aire / (Record no. 125372)

MARC details
000 -LEADER
campo de control de longitud fija 00763nam a2200205 i 4500
001 - NÚMERO DE CONTROL
campo de control 125372
003 - IDENTIFICADOR DE NÚMERO DE CONTROL
campo de control ES-MaACL
005 - FECHA Y HORA DE LA ÚLTIMA TRANSACCIÓN
campo de control 20230906192620.0
007 - CAMPO FIJO DE DESCRIPCIÓN FÍSICA--INFORMACIÓN GENERAL
campo de control de longitud fija t|
008 - DATOS DE LONGITUD FIJA--INFORMACIÓN GENERAL
campo de control de longitud fija 070606s1895 cl ||||1| spa d
100 1# - ENTRADA PRINCIPAL--NOMBRE DE PERSONA
Nombre de persona Salazar, A. E.
9 (RLIN) 101796
245 10 - MENCIÓN DEL TÍTULO
Título Estudios ijiéniqos del aire /
Mención de responsabilidad, etc. A. E. Salazar i Q. Newman.
260 ## - PUBLICACIÓN, DISTRIBUCIÓN, ETC.
Lugar de publicación, distribución, etc. Santiago de Chile :
Nombre del editor, distribuidor, etc. [s.n.],
Fecha de publicación, distribución, etc. 1895 (
Fabricante Impr. Zerbántes)
300 ## - DESCRIPCIÓN FÍSICA
Extensión 20 p. ;
Dimensiones 27 cm.
500 ## - NOTA GENERAL
Nota general En port.: Tomado de las Actes de la Société Scientifique du Chili, Tomo IV (1894) 5ème. livraison.
500 ## - NOTA GENERAL
Nota general Se ha respetado la ortografía original.
650 #4 - PUNTO DE ACCESO ADICIONAL DE MATERIA--TÉRMINO DE MATERIA
Término de materia o nombre geográfico como elemento de entrada Higiene ambiental.
9 (RLIN) 157011
700 1# - ENTRADA AGREGADA--NOMBRE PERSONAL
Nombre de persona Newmam, Q.
9 (RLIN) 85487
852 ## - LOCALIZACIÓN
Ubicación ES-MaACL
Número de control de estantería T-834-F-7
Nota libre .- Enc. en un vol. facticio conservando la enc. original
Holdings
Estatus retirado Estado de pérdida Estado de daño No para préstamo Colección Biblioteca de origen Biblioteca actual Ubicación en estantería Fecha de adquisición Fuente de adquisición Total de préstamos Signatura topográfica completa Código de barras Visto por última vez Precio de reemplazo Tipo de ítem Koha
        Colección de folletos Biblioteca del Ateneo de Madrid Biblioteca del Ateneo de Madrid Depósito folletos 17/01/2008     T-834-F-7 1130609 23/02/2023 23/02/2023 Folleto